[Event "FICGS rapid A 000059 email"]
[Site "FICGS email"]
[Date "2009.01.24"]
[Round "1"]
[White "Boehme, Sebastian"]
[Black "Jackson, Freeman"]
[Result "1-0"]
[WhiteElo "2062"]
[BlackElo "1900"]
[PlyCount "21"]
[EventDate "2009.??.??"]
[EventType "tourn (rapid)"]
[EventRounds "6"]
[SourceTitle "Corr 2022"]
[Source "ChessBase"]
[SourceDate "2021.10.24"]
[SourceVersion "1"]
[SourceVersionDate "2021.10.24"]
[SourceQuality "1"]

1. e4 c5 2. Nf3 e6 3. d4 cxd4 4. Nxd4 a6 5. Bd3 Qc7 6. Nc3 Nf6 7. 0-0 Bc5 8. Nb3 Be7 9. Be3 d6 10. a4 Nbd7 11. a5 1-0